00460 2200181 4500001002100000005001500021008004100036020002200077035001900099041000700118082000800125090001400133100002500147245003700172260003500209300002800244500000600272INLIS00000000000602620241224113218241224||||||||| | ||| |||| || |  a978-602-9430-33-2 0010-1224006026 aid0 a823 a823 SON p0 aSony Ristanta Askari00aPutri Madu the Honey Seller Girl abekasibMata Pedang Ilmuc2015 aiv, 60 hlm.:ilus.;21 cm a1